header

Social structure-social learning and delinquency (Record no. 31338)

MARC details
000 -LEADER
fixed length control field 01820nam a2200409 a 4500
082 04 - DEWEY DECIMAL CLASSIFICATION NUMBER
Classification number 305.23086/92
100 1# - MAIN ENTRY--AUTHOR NAME
Personal name Verrill, Stephen W.,
245 10 - TITLE STATEMENT
Title Social structure-social learning and delinquency
260 ## - PUBLICATION, DISTRIBUTION, ETC. (IMPRINT)
Place of publication New York :
Name of publisher LFB Scholarly Pub.,
Year of publication 2008.
300 ## - PHYSICAL DESCRIPTION
Number of Pages vii, 188 p. :
Other physical details ill.
490 1# - SERIES STATEMENT
Series statement Criminal justice
505 0# - FORMATTED CONTENTS NOTE
Formatted contents note Social learning theory -- Social structure-social learning -- Crime rate determinants -- Research design and analytic strategy -- The case for moderating effects -- Reconciliation of previous literature -- Future research.
650 #0 - SUBJECT ADDED ENTRY--TOPICAL TERM
Topical Term Social learning.
Topical Term Social structure.
Topical Term Criminal behavior, Prediction of.
Topical Term Juvenile delinquency.
Topical Term Juvenile delinquents
Topical Term Deviant behavior.
Topical Term Parent and child
856 40 - ELECTRONIC LOCATION AND ACCESS
Uniform Resource Identifier http://site.ebrary.com/lib/rucke/Doc?id=10256719

No items available.

© 2026 Rongo University
Contact us: librarian | system librarian | Rongo university